书目信息 |
| 题名: |
药物代谢动力学
|
|
| 作者: | 王广基 主编 | |
| 分册: | ||
| 出版信息: | 北京 化学工业出版社现代生物技术与医药科技出版中心 2005 |
|
| 页数: | 235页 | |
| 开本: | 26cm | |
| 丛书名: | ||
| 单 册: | ||
| 中图分类: | R969.1 | |
| 科图分类: | ||
| 主题词: | 药物代谢动力学--yao wu dai xie dong li xue | |
| 电子资源: | ||
| ISBN: | 7-5025-7370-4 | |
| 000 | 00786nam0 2200229 45 | |
| 001 | 012005000794 | |
| 005 | 20061116092609.85 | |
| 010 | @a7-5025-7370-4@dCNY30.00 | |
| 100 | @a20050930d2005 em y0chiy0121 ea | |
| 101 | 0 | @achi |
| 102 | @aCN@b110000 | |
| 105 | @aak a 000yy | |
| 200 | 1 | @a药物代谢动力学@Ayao wu dai xie dong li xue@f王广基主编 |
| 210 | @a北京@c化学工业出版社现代生物技术与医药科技出版中心@d2005 | |
| 215 | @a235页@c图@d26cm | |
| 320 | @a有书目 | |
| 330 | @a本书共分13章, 分别为概述、药物体内转运、药物的代谢研究、经典的房室模型理论、非线性药物动力学、非房室模型的统计矩方法等内容。 | |
| 606 | 0 | @a药物代谢动力学@Ayao wu dai xie dong li xue |
| 690 | @aR969.1@v4 | |
| 701 | 0 | @a王广基@Awang guang ji@4主编 |
| 801 | 0 | @aCN@c20061116 |
| 905 | @apdsgxy@dR969.1@eW190 | |
| 药物代谢动力学/王广基主编.-北京:化学工业出版社现代生物技术与医药科技出版中心,2005 |
| 235页:图;26cm |
| ISBN 7-5025-7370-4:CNY30.00 |
| 本书共分13章, 分别为概述、药物体内转运、药物的代谢研究、经典的房室模型理论、非线性药物动力学、非房室模型的统计矩方法等内容。 |
| ● |
| 相关链接 |
|
|
|
正题名:药物代谢动力学
索取号:R969.1/W190
 
预约/预借
| 序号 | 登录号 | 条形码 | 馆藏地/架位号 | 状态 | 备注 |
| 1 | 639105 | 206391055 | 期刊室512/401自科库 23排1列5层/ [索取号:R969.1/W190] | 在馆 | |
| 2 | 639106 | 206391064 | 自科库401/401自科库 23排1列5层/ [索取号:R969.1/W190] | 在馆 | |
| 3 | 639107 | 206391073 | 期刊室512/401自科库 23排1列5层/ [索取号:R969.1/W190] | 在馆 |